000 00266nam a22001217a 4500
008 180315b xxu||||| |||| 00| 0 eng d
041 _aeng
080 _a78
100 _a45
101 _aMUS
245 _aTHE CONCERT COMPANION MUSIC
_cBAGAR.R
942 _2udc
_cBK
999 _c45097
_d45097